| 000 | 01705cam a2200457 4500 | ||
|---|---|---|---|
| 003 | PE-LiUPU | ||
| 005 | 20250731173424.0 | ||
| 020 | _a0829744614 | ||
| 035 | _a(Sirsi) i9780829744613 | ||
| 035 | _a(Sirsi) 47888 | ||
| 035 | _a(Sirsi) 47888 | ||
| 041 | _aes | ||
| 044 | _aus | ||
| 082 | 0 | 4 |
_a248.86 _bK41 |
| 100 | 1 | _aKendall, R. T. | |
| 245 | 1 | 3 |
_aEl aguijón en la carne : _besperanza para todos aquellos que batallan con situaciones difíciles Steve Chalke / _cR. T. Kendall. |
| 264 | 1 |
_aMiami, Florida : _bVida, _c2006 |
|
| 300 |
_a212 páginas ; _c22 cm. |
||
| 505 | 0 | _a¿Qué es el "aguijón en la carne"? -- Soledad -- Trabajo desdichado -- Un enemigo -- Una desventaja o discapacidad -- Condiciones desdichadas de vida -- Aprensión sexual -- Un matrimonio desdichado -- Una enfermedad crónica -- Problema de per | |
| 526 | _aSEG42 | ||
| 526 | _aSEG41 | ||
| 526 | _aSEG40 | ||
| 526 | _aSEG39 | ||
| 526 | _aP94 | ||
| 526 | _aP87 | ||
| 526 | _aP86 | ||
| 526 | _aP85 | ||
| 526 | _aP77 | ||
| 526 | _aP76 | ||
| 526 | _aP35 | ||
| 630 | 0 | 4 |
_aBiblia _pN.T. _pCorintios II, XII, 7 _xCrítica interpretación, etc. |
| 650 | 1 | 4 | _aConsolación. |
| 700 | 1 |
_aMesías, Miguel A _etr. |
|
| 942 |
_2ddc _cBOOK |
||
| 949 |
_a248.86 K41 _i65701 _lCCODEBUL1 _mBUL _tLIBRO _o.STAFF. Colección General |
||
| 859 |
_q65701 _h248.86 _iK41 |
||
| 910 |
_agl _bjv _clch _d20121105 |
||
| 596 | _a1 | ||
| 999 |
_a248.86 K41 _wDEWEY _c54134 _i65701 _f2021-11-10 _g5 _lCCODEBUL1 _mBUL _p27.00 _r0 _sY _tBOOK _u2015-7-6 _xTEOLOGIA _PP35 _0COMPRA _o.STAFF. Colección General _d54134 |
||
| 980 |
_81 _gALBERTO SANCHEZ Responsable de Automatización |
||